| 000 | 00431nam a22001457a 4500 | ||
|---|---|---|---|
| 005 | 20150202105447.0 | ||
| 008 | 150202b xxu||||| |||| 00| 0 eng d | ||
| 020 | _a0854764089 | ||
| 050 |
_aAP 2 _b.D428 1995 |
||
| 100 | _aDerbyshire, Steve. | ||
| 245 |
_aAddicted / _cSteve Derbyshire and Millie Murray. |
||
| 260 |
_aGreat Britain : _bKingsway Publication Ltd., _cc1995. |
||
| 300 |
_a189 pages : _c18 cm. |
||
| 942 |
_2lcc _cBK _kFOR |
||
| 999 |
_c282505 _d282505 |
||